000 00685nam a2200181 i 4500
001 96824
003 ES-MaACL
005 20230906182001.0
007 t|
008 050701s1967 sp ||||1| spa d
100 1 _aMangrané Escardo, Daniel.
_976020
245 1 3 _aEl problema del aceite virgen de oliva:
_bacompañado del... discurso pronunciado por el autor en el Congreso de Diputados en la Sesión del 24 de marzo de 1934 /
_cDaniel Mangrané Escardon.
260 _aBarcelona :
_bAriel,
_c1967.
300 _a182 p., 6 lám. ;
_c19 cm.
650 4 _aAceite de oliva-
_zEspaña.
_9171212
710 1 _aEspaña.
_bCortes Generales.
_bCongreso.
_93671
852 _aES-MaACL
_jC-34453
999 _c96824
_d96824